Douves éphémères (Record no. 3871)

MARC details
000 -LEADER
fixed length control field 00631cam a2200217 4500
001 - CONTROL NUMBER
control field 3871
003 - CONTROL NUMBER IDENTIFIER
control field http://catalogue.bnf.fr/ark:/12148/cb43680722t
005 - DATE AND TIME OF LATEST TRANSACTION
control field 20240520115111.0
008 - FIXED-LENGTH DATA ELEMENTS--GENERAL INFORMATION
fixed length control field 240520b cb ||||| |||| 00| 0 fre d
010 ## - LIBRARY OF CONGRESS CONTROL NUMBER
LC control number 978-2-919059-10-2
NUCMC control number br.
020 ## - INTERNATIONAL STANDARD BOOK NUMBER
International Standard Book Number 9782919059102
040 ## - CATALOGING SOURCE
Language of cataloging eng
Transcribing agency FISKH
041 ## - LANGUAGE CODE
Language code of text/sound track or separate title fre
082 ## - DEWEY DECIMAL CLASSIFICATION NUMBER
Classification number 841
100 ## - MAIN ENTRY--PERSONAL NAME
Personal name Albisser, Richard
245 ## - TITLE STATEMENT
Title Douves éphémères
Statement of responsibility, etc. Richard Albisser
260 ## - PUBLICATION, DISTRIBUTION, ETC.
Place of publication, distribution, etc. New York :
Name of publisher, distributor, etc. Riffle Nord,
Date of publication, distribution, etc. 2013
300 ## - PHYSICAL DESCRIPTION
Extent 122 pages :
Dimensions 17 cm
500 ## - GENERAL NOTE
General note hand written autograph and dedication note by the author to a "Marie."
942 ## - ADDED ENTRY ELEMENTS (KOHA)
Source of classification or shelving scheme Dewey Decimal Classification
Koha item type Books
Suppress in OPAC No
Holdings
Withdrawn status Lost status Source of classification or shelving scheme Damaged status Not for loan Collection Home library Current library Shelving location Date acquired Total Checkouts Full call number Barcode Date last seen Price effective from Koha item type
    Dewey Decimal Classification     Non-Fiction Footprints International School Library Network Toul Kork Campus Footprints International School Library Network Toul Kork Campus TK Floor 4 Rear Hallway Shelf 1 (Adult/Secondary Foriegn Language/Khmer) 05/20/2024   ALB 841 2024-0648 05/20/2024 05/20/2024 Books